000
00452nam a2200169Ia 4500
008
090711s9999 xx 000 0 und d
082
_b
53103
100
_a
आफळे सुनीती
245
_a
दक्षिणा
260
_c
1985
300
_a
131
600
_a
आफळे सुनीती
630
_a
दक्षिणा
700
_a
आफळे सुनीती
730
_a
दक्षिणा
942
_c
BOOK
999
_c
302035
_d
302035